|
|
|
|
| LEADER |
00902cam a2200241 i 4500 |
| 008 |
781121s1978 enk b 001 0 eng |
| 010 |
|
|
|a 78318058
|
| 015 |
|
|
|a GB***
|
| 020 |
|
|
|a 0333231767:
|c £7.95
|
| 082 |
0 |
0 |
|a 822.3/3
|
| 100 |
1 |
|
|a Berry, Ralph,
|
| 245 |
1 |
4 |
|a The Shakespearean metaphor :
|b studies in language and form /
|c Ralph Berry.
|
| 260 |
|
|
|a London :
|b Macmillan,
|c 1978.
|
| 300 |
|
|
|a 128 p. ;
|c 23 cm.
|
| 504 |
|
|
|a Includes bibliographical references and index.
|
| 600 |
1 |
0 |
|a Shakespeare, William,
|d 1564-1616
|x Literary style.
|
| 650 |
|
0 |
|a English language
|y Early modern, 1500-1700
|x Style.
|
| 650 |
|
0 |
|a Figures of speech.
|
| 650 |
|
0 |
|a Metaphor.
|
| 906 |
|
|
|a 7
|b cbc
|c orignew
|d 3
|e ncip
|f 19
|g y-gencatlg
|
| 942 |
|
|
|c BK
|
| 999 |
|
|
|c 198732
|d 198732
|
| 952 |
|
|
|0 0
|1 0
|4 0
|6 822_330000000000000_BER_S
|7 0
|9 219897
|a ENG
|b ENG
|c ST1
|d 2017-05-02
|i 12595
|l 0
|o 822.33 BER/S
|p ENG12595
|r 2017-05-02
|w 2018-08-21
|y BK
|